[Event "OGOLNOPOLSKA OLIMPIADA MLODZIEZY<br/>MISTRZOSTWA POLSKI JUNIOROW 2016 - C12"]
[Site "Olecko"]
[Date "2016-05-07"]
[Round "5.4"]
[White "Grzesik, Gracjan"]
[Black "Fiedorek, Michal"]
[Result "1-0"]
[WhiteTitle "I"]
[BlackTitle "I"]
[WhiteElo "1748"]
[BlackElo "1783"]

1. e4 c5 2. Nf3 a6 3. c4 e6 4. Nc3 Nc6 5. d4 cxd4 6. Nxd4 Qc7 7. Be3 Bb4 8. Qd2
Nf6 9. f3 Ne5 10. a3 Be7 11. Rc1 O-O 12. Be2 b6 13. O-O Bb7 14. Rfd1 d6 15. b4
Rac8 16. Na4 Ned7 17. Nb3 Bc6 18. Nc3 Qa7 19. a4 Ne8 20. a5 Bd8 21. Ra1 Nb8 22.
b5 Bb7 23. Na4 Nd7 24. axb6 Nxb6 25. Na5 axb5 26. cxb5 d5 27. Nb3 Qxa4 28. Rxa4
Nxa4 29. Rc1 Rxc1+ 30. Qxc1 Bf6 31. Nc5 Nc3 32. Bf1 Nd6 33. Nxb7 Nxb7 34. exd5
exd5 35. h3 d4 36. Bg5 Rc8 37. Qd2 Bxg5 38. Qxg5 h6 39. Qf5 Rd8 40. Bd3 g6 41.
Qe5 Rd6 42. Qe8+ Kg7 43. Qb8 Rd7 44. Qe5+ Kh7 45. h4 Rd5 46. Qc7 Nd6 47. b6 1-0

[Event "OGOLNOPOLSKA OLIMPIADA MLODZIEZY<br/>MISTRZOSTWA POLSKI JUNIOROW 2016 - C12"]
[Site "Olecko"]
[Date "2016-05-07"]
[Round "5.5"]
[White "Luczak, Filip"]
[Black "Redzisz, Michal"]
[Result "0-1"]
[WhiteTitle "I"]
[BlackTitle "II"]
[WhiteElo "1662"]
[BlackElo "1750"]

1. d4 d5 2. c4 Bf5 3. cxd5 Bxb1 4. Qa4+ c6 5. dxc6 Nxc6 6. Rxb1 Qxd4 7. Qxd4 Nxd4
8. e3 Nc2+ 9. Kd1 Nb4 10. Bb5+ Nc6 11. Nf3 O-O-O 12. Ke2 f6 13. Bd2 a6 14. Ba4
b5 15. Rbc1 Kb7 16. Bb3 e5 17. e4 Bd6 18. Be3 Nge7 19. Rhd1 Bc7 20. Rxd8 Rxd8
21. a3 Bb6 22. Bxb6 Kxb6 23. Ke3 Ng6 24. g3 Nge7 25. Rd1 Rxd1 26. Bxd1 Na5 27.
Nd2 Nc8 28. f4 Nd6 29. b3 Nc6 30. Nf3 a5 31. Be2 Kc5 32. Bd1 Nc8 33. fxe5 Nxe5
34. Nd4 g6 35. Be2 Na7 36. Ne6+ Kd6 37. Nd4 Kc5 38. Ne6+ Kd6 39. Nf4 Nd7 40. Nd5
f5 41. Nc3 fxe4 42. Nxe4+ Ke5 43. Bd3 Nb6 44. Ng5 Nd5+ 45. Kd2 Nf6 46. Nf3+ Kd5
47. Kc3 Ng4 48. h4 Ne5 49. Ng5 Nxd3 50. Kxd3 h5 51. Nf7 Nc6 52. Ng5 Ne5+ 53. Kc3
Nd7 54. Nh3 Ke4 55. Ng5+ Ke3 56. Kc2 b4 57. a4 0-1

[Event "OGOLNOPOLSKA OLIMPIADA MLODZIEZY<br/>MISTRZOSTWA POLSKI JUNIOROW 2016 - C12"]
[Site "Olecko"]
[Date "2016-05-07"]
[Round "5.6"]
[White "Baum, Jonasz"]
[Black "Turski, Bartlomiej"]
[Result "0-1"]
[WhiteTitle "I"]
[BlackTitle "I"]
[WhiteElo "1857"]
[BlackElo "1704"]

1. e4 c5 2. Nf3 d6 3. d4 cxd4 4. Nxd4 Nf6 5. Nc3 Nc6 6. Bc4 e6 7. Be3 Be7 8. Qe2
O-O 9. O-O-O a6 10. Bb3 Qc7 11. Rhg1 Nd7 12. g4 Nc5 13. g5 b5 14. Nxc6 Qxc6 15.
Kb1 Rb8 16. Qh5 Nxe4 17. Nd5 exd5 18. Bxd5 Nc3+ 19. bxc3 Qxc3 20. Bd4 Qb4+ 21.
Bb3 Bf5 22. Qf3 Be6 23. Bc3 Qc5 24. Rde1 Rbc8 25. Bb2 a5 26. Qe2 Bxb3 27. cxb3
Rfe8 28. Qh5 Qf5+ 29. Ka1 Bf8 30. Qh4 b4 31. f4 Ra8 32. Rxe8 Rxe8 33. Qf2 Re4
34. Rf1 Qg4 35. h4 Re2 36. Qb6 Qxh4 37. Qg1 Qh2 38. Qxh2 Rxh2 39. Bd4 g6 40. Re1
h5 41. Re8 h4 42. Bf6 h3 43. Be7 Re2 44. Rxf8+ Kg7 45. Re8 Kh7 46. Rc8 Rxe7 47.
Rc2 Re3 48. Rh2 Rg3 49. Rh1 Kg7 50. Kb1 f6 51. Kc1 fxg5 52. fxg5 Kf7 53. Kd1 Ke6
54. Ke1 Kf5 55. Kf2 Kf4 56. Rd1 Rg2+ 57. Kf1 Rxa2 58. Kg1 Kxg5 59. Rxd6 a4 60.
Rd5+ Kf6 61. bxa4 b3 0-1

[Event "OGOLNOPOLSKA OLIMPIADA MLODZIEZY<br/>MISTRZOSTWA POLSKI JUNIOROW 2016 - C12"]
[Site "Olecko"]
[Date "2016-05-07"]
[Round "5.7"]
[White "Mechlinski, Jakub"]
[Black "Poltorak, Sebastian"]
[Result "1-0"]
[WhiteTitle "II+"]
[BlackTitle "II+"]
[WhiteElo "1805"]
[BlackElo "1623"]

1. e4 c6 2. d4 d5 3. Nc3 dxe4 4. Nxe4 Bf5 5. Ng3 Bg6 6. Nf3 Nd7 7. Bd3 Ngf6 8.
O-O e6 9. c3 Bd6 10. Re1 Bxd3 11. Qxd3 O-O 12. Bd2 Qc7 13. Ne4 Nxe4 14. Rxe4 Nf6
15. Rh4 g6 16. Ng5 Rfe8 17. Qf3 Qd8 18. Rxh7 Rf8 19. Qh3 Nh5 20. Rxh5 gxh5 21.
Qxh5 Kg7 22. Qh7+ Kf6 23. Ne4+ Ke7 24. Bg5+ Kd7 25. Bxd8 Raxd8 26. Nxd6 Kxd6 27.
Re1 1-0

[Event "OGOLNOPOLSKA OLIMPIADA MLODZIEZY<br/>MISTRZOSTWA POLSKI JUNIOROW 2016 - C12"]
[Site "Olecko"]
[Date "2016-05-07"]
[Round "5.8"]
[White "Skurniak, Szymon"]
[Black "Suder, Jakub"]
[Result "0-1"]
[WhiteTitle "I"]
[BlackTitle "I"]
[WhiteElo "1694"]
[BlackElo "1763"]

1. d4 Nf6 2. Nc3 d6 3. e4 Nbd7 4. Be3 g6 5. f3 Bg7 6. Qd2 e5 7. O-O-O O-O 8. g4
c6 9. h4 b5 10. dxe5 dxe5 11. h5 Qa5 12. Bh6 Nc5 13. Bxg7 Kxg7 14. Qg5 h6 15.
Qe3 b4 16. hxg6 fxg6 17. Qxh6+ Kf7 18. Nh3 Ne6 19. Nb1 Qc5 20. Ng5+ Ke7 21. Nd2
a5 22. Bc4 b3 23. Bxe6 Qxc2# 0-1

[Event "OGOLNOPOLSKA OLIMPIADA MLODZIEZY<br/>MISTRZOSTWA POLSKI JUNIOROW 2016 - C12"]
[Site "Olecko"]
[Date "2016-05-07"]
[Round "5.9"]
[White "Bachor, Tomasz"]
[Black "Dolata, Marcin"]
[Result "1-0"]
[WhiteTitle "II+"]
[BlackTitle "II"]
[WhiteElo "1742"]
[BlackElo "1345"]

1. e4 e5 2. Nf3 Nc6 3. Bb5 a6 4. Bxc6 dxc6 5. O-O Bg4 6. h3 h5 7. d3 Qf6 8. Be3
Bxf3 9. Qxf3 Qxf3 10. gxf3 Bd6 11. Nd2 O-O-O 12. Rfb1 Ne7 13. b4 Ng6 14. Kf1 f6
15. Ke2 Nf4+ 16. Bxf4 exf4 17. d4 Rd7 18. a4 b6 19. Nc4 Be7 20. c3 g5 21. e5 fxe5
22. Nxe5 Rd5 23. Nxc6 Bf6 24. Kd3 Kd7 25. b5 a5 26. Re1 Rg8 27. Re4 Rd6 28. Rae1
Rg7 29. Re8 Rf7 30. Nb8# 1-0

[Event "OGOLNOPOLSKA OLIMPIADA MLODZIEZY<br/>MISTRZOSTWA POLSKI JUNIOROW 2016 - C12"]
[Site "Olecko"]
[Date "2016-05-07"]
[Round "5.10"]
[White "Sieczkowski, Adam"]
[Black "Stolarski, Adam"]
[Result "1-0"]
[WhiteTitle "II"]
[BlackTitle "I"]
[WhiteElo "1494"]
[BlackElo "1733"]

1. Nf3 d5 2. g3 c6 3. Bg2 Bg4 4. Ne5 Bh5 5. d4 Nd7 6. Nxd7 Qxd7 7. O-O e6 8. Bf4
Nf6 9. Nd2 Bd6 10. c4 Bxf4 11. gxf4 Qd6 12. Qb3 Bxe2 13. Rfe1 Bh5 14. cxd5 cxd5
15. Qxb7 O-O 16. Qb3 Qxf4 17. Qe3 Qd6 18. Rac1 Rac8 19. Nb3 Nd7 20. Kh1 Bg6 21.
Nc5 Nxc5 22. dxc5 Qd7 23. Qd4 Rc6 24. Re3 Rfc8 25. b4 Qc7 26. Rec3 a6 27. a4 Qb8
28. Rb3 Rb6 29. Rcc3 e5 30. Qxd5 Rxb4 31. c6 Rxb3 32. Rxb3 Qc7 33. Rb7 Qd8 34.
c7 Qxd5 35. Bxd5 Bf5 36. Rb8 Kf8 37. Bb7 1-0

[Event "OGOLNOPOLSKA OLIMPIADA MLODZIEZY<br/>MISTRZOSTWA POLSKI JUNIOROW 2016 - C12"]
[Site "Olecko"]
[Date "2016-05-07"]
[Round "5.11"]
[White "Wolaniecki, Patryk"]
[Black "Gorkiewicz, Mateusz"]
[Result "1-0"]
[WhiteTitle "I"]
[BlackTitle "II"]
[WhiteElo "1585"]
[BlackElo "1721"]

1. e4 e5 2. Nf3 Nc6 3. d4 exd4 4. Nxd4 Bc5 5. Nb3 Bb6 6. Nc3 Nf6 7. Qe2 O-O 8.
Be3 d5 9. O-O-O d4 10. Nb5 Nxe4 11. Bxd4 Qg5+ 12. Kb1 Nxd4 13. N5xd4 Re8 14. Qe1
Bf5 15. f3 Nf6 16. Qg3 Qxg3 17. hxg3 Bg6 18. Bc4 Rad8 19. Kc1 Nd5 20. Bxd5 Rxd5
21. c4 Rg5 22. f4 Rxg3 23. c5 Rxg2 24. cxb6 cxb6 25. f5 Bxf5 26. Nxf5 g6 27. Nfd4
f5 28. Rdg1 Rf2 29. Rf1 Rg2 30. Rhg1 Rh2 31. Rxf5 Kh8 32. Rf7 g5 33. Rff1 h6 34.
Rh1 Rxh1 35. Rxh1 Kg7 36. Nf5+ Kg6 37. Nbd4 h5 38. Kd2 g4 39. Ng3 Rh8 40. Ndf5
Kg5 41. Rh4 Rd8+ 42. Kc3 Rh8 43. Kd4 Rd8+ 44. Kc4 Rh8 45. a4 a6 46. b3 Rh7 47.
Kd5 Kg6 48. Ke5 Kg5 49. Ne4+ Kg6 50. Nf6 Rf7 51. Rxh5 1-0

[Event "OGOLNOPOLSKA OLIMPIADA MLODZIEZY<br/>MISTRZOSTWA POLSKI JUNIOROW 2016 - C12"]
[Site "Olecko"]
[Date "2016-05-07"]
[Round "5.12"]
[White "Norek, Bartosz"]
[Black "Jaszczuk, Hubert"]
[Result "1-0"]
[WhiteTitle "II+"]
[BlackTitle "II+"]
[WhiteElo "1687"]
[BlackElo "1545"]

1. e4 e6 2. d4 d5 3. Nd2 Nf6 4. e5 Nfd7 5. Bd3 c5 6. c3 Nc6 7. Ne2 Qb6 8. Nf3 cxd4
9. cxd4 Bb4+ 10. Bd2 Bxd2+ 11. Qxd2 Qb4 12. Rc1 Qxd2+ 13. Kxd2 Nb6 14. b3 Bd7
15. Ne1 Ke7 16. Bb1 Nb4 17. a3 Na6 18. Nd3 Bc6 19. g4 h5 20. h3 Nd7 21. f4 Rac8
22. f5 Rce8 23. Ndf4 hxg4 24. fxe6 Nf8 25. exf7 Kxf7 26. hxg4 Rxh1 27. Rxh1 Nc7
28. Rf1 Kg8 29. Bf5 Nce6 30. Rh1 Bb5 31. Nxe6 Nxe6 32. Bh7+ Kf8 33. Bg6 1-0

[Event "OGOLNOPOLSKA OLIMPIADA MLODZIEZY<br/>MISTRZOSTWA POLSKI JUNIOROW 2016 - C12"]
[Site "Olecko"]
[Date "2016-05-07"]
[Round "5.13"]
[White "Panek, Bartosz"]
[Black "Ochedzan, Tymon"]
[Result "1-0"]
[WhiteTitle "II"]
[BlackTitle "II+"]
[WhiteElo "1473"]
[BlackElo "1664"]

1. e4 c5 2. Nf3 d6 3. d4 cxd4 4. Nxd4 Nf6 5. Nc3 a6 6. f3 e5 7. Nb3 Be6 8. Be3
Be7 9. Qd2 O-O 10. O-O-O a5 11. Bb5 Nbd7 12. g4 Nb6 13. a4 Nfd7 14. Rhg1 Bc4 15.
Bxd7 Nxd7 16. f4 b5 17. f5 bxa4 18. Nxa4 Bxb3 19. cxb3 Qb8 20. Qd3 Rc8+ 21. Kb1
Nc5 22. Bxc5 dxc5 23. Qc4 Rd8 24. Rd5 Rxd5 25. Qxd5 Qa7 26. Rd1 Rb8 27. Qxe5 h6
28. Qc3 Qb7 29. Rd5 Qxb3 30. Qxb3 Rxb3 31. Nxc5 Bxc5 32. Rxc5 f6 33. Rxa5 Rb4
34. h3 Rxe4 35. Ra3 Rf4 36. Rg3 Kf7 37. Ka2 h5 38. Ka3 hxg4 39. hxg4 g6 40. fxg6+
Kxg6 41. b4 Kf7 42. Ka4 Ke6 43. Ka5 Kd7 44. b5 Kc7 45. g5 fxg5 46. Rxg5 Kb7 47.
Rg7+ Kc8 48. Ka6 1-0

[Event "OGOLNOPOLSKA OLIMPIADA MLODZIEZY<br/>MISTRZOSTWA POLSKI JUNIOROW 2016 - C12"]
[Site "Olecko"]
[Date "2016-05-07"]
[Round "5.14"]
[White "Oleksy, Krzysztof"]
[Black "Majewski, Krzysztof"]
[Result "0-1"]
[WhiteTitle "I"]
[BlackTitle "II"]
[WhiteElo "1653"]
[BlackElo "1492"]

1. c4 Nf6 2. g3 d5 3. cxd5 Nxd5 4. Bg2 e5 5. Nc3 Nxc3 6. bxc3 Nc6 7. d3 Be6 8.
Rb1 Bd5 9. e4 Bxa2 10. Rxb7 Qc8 11. Rb2 Be6 12. d4 exd4 13. cxd4 Bc4 14. Qa4 Qa6
15. Qxa6 Bxa6 16. e5 Kd7 17. f4 Rd8 18. Be3 Nb4 19. Rb3 Bc4 20. Rb1 a5 21. Ne2
a4 22. Kd2 a3 23. Rhc1 a2 24. Ra1 Bb3 25. Rc3 Be6 26. Be4 g6 27. Rcc1 c6 28. Nc3
Ra8 29. Bf3 h5 30. Ne4 Be7 31. Nc5+ Bxc5 32. Rxc5 Bf5 33. Rc4 Rhb8 34. Bd1 Nd5
35. Bf2 Rb1 36. Rc1 Rxc1 37. Kxc1 Nc3 38. Bc2 Rb8 39. Be1 Ne2+ 40. Kd1 Bxc2+ 41.
Kxc2 Nxd4+ 42. Kd3 Nf3 43. Bf2 Rb2 44. Be3 Nxh2 45. Kc3 Rg2 46. Bc1 0-1

[Event "OGOLNOPOLSKA OLIMPIADA MLODZIEZY<br/>MISTRZOSTWA POLSKI JUNIOROW 2016 - C12"]
[Site "Olecko"]
[Date "2016-05-07"]
[Round "5.15"]
[White "Bukala, Norbert"]
[Black "Lichorad, Mateusz"]
[Result "1/2-1/2"]
[WhiteTitle "II"]
[BlackTitle "II"]
[WhiteElo "1415"]
[BlackElo "1644"]

1. d4 c5 2. d5 e5 3. c4 d6 4. e4 Be7 5. Nc3 Nd7 6. g3 Nf8 7. Bg2 Ng6 8. Nge2 Nf6
9. O-O h5 10. h4 Bd7 11. a3 O-O 12. Bg5 Ng4 13. Bxe7 Qxe7 14. Qd3 b6 15. b4 Rab8
16. Rfb1 a5 17. bxc5 bxc5 18. Nb5 f5 19. Rf1 f4 20. Rab1 Qf6 21. Qc3 Bxb5 22.
Rxb5 Ra8 23. Qf3 Qe7 24. Qb3 fxg3 25. Qxg3 Nxh4 26. Rb3 Nxg2 27. Kxg2 Qg5 28.
Kg1 a4 29. Rd3 Rab8 30. f3 Rb2 31. fxg4 Rxf1+ 32. Kxf1 hxg4 33. Ke1 Rb1+ 34. Rd1
Rb3 35. Rd3 Rb1+ 36. Rd1 Rb3 37. Rd3 Rb1+ 38. Rd1 Rb2 39. Rd3 Rb1+ 40. Rd1 Rb2
41. Rd3 Qh5 42. Qg2 Qh4+ 43. Rg3 Qg5 44. Rd3 Rb1+ 45. Rd1 Rb3 46. Ra1 g3 47. Qh3
1/2-1/2

[Event "OGOLNOPOLSKA OLIMPIADA MLODZIEZY<br/>MISTRZOSTWA POLSKI JUNIOROW 2016 - C12"]
[Site "Olecko"]
[Date "2016-05-07"]
[Round "5.16"]
[White "Kabacinski, Krzysztof"]
[Black "Gazik, Jakub"]
[Result "1-0"]
[WhiteTitle "II"]
[BlackTitle "II"]
[WhiteElo "1636"]
[BlackElo "1665"]

1. e4 b6 2. d4 Bb7 3. Nc3 e6 4. Nf3 Bb4 5. Bd3 Nf6 6. Bg5 h6 7. Bxf6 Qxf6 8. a3
Bxc3+ 9. bxc3 d5 10. e5 Qe7 11. Nd2 c5 12. Qg4 O-O 13. h4 Ba6 14. Bxa6 Nxa6 15.
Qe2 Nc7 16. g4 a6 17. g5 Nb5 18. Qh5 Kh7 19. Nf3 Rh8 20. gxh6 g6 21. Ng5+ Kg8
22. h7+ Kg7 23. Qg4 cxd4 24. h5 Rae8 25. hxg6 fxg6 26. Qf4 Rhf8 27. Qh4 Kh8 28.
Qh6 Rf5 29. f4 Rxf4 30. Qxg6 Rf5 31. Rg1 Rxe5+ 32. Kd1 Nxc3+ 33. Kc1 Rf8 34. Nxe6
Ne2+ 35. Kb2 Nxg1 36. Rxg1 Qxh7 37. Nxf8 Qxg6 38. Nxg6+ 1-0

[Event "OGOLNOPOLSKA OLIMPIADA MLODZIEZY<br/>MISTRZOSTWA POLSKI JUNIOROW 2016 - C12"]
[Site "Olecko"]
[Date "2016-05-07"]
[Round "5.17"]
[White "Skawinski, Szymon"]
[Black "Czechowski, Jakub"]
[Result "1/2-1/2"]
[WhiteTitle "II"]
[BlackTitle "II"]
[WhiteElo "1348"]
[BlackElo "1652"]

1. e4 e5 2. Nc3 Nf6 3. f4 d5 4. fxe5 Nxe4 5. d3 Nxc3 6. bxc3 d4 7. Bd2 Nc6 8. Nf3
Bc5 9. h3 Qe7 10. Qe2 O-O 11. Qe4 Rd8 12. Be2 h6 13. Rb1 Rb8 14. c4 Re8 15. Bf4
Bd7 16. Bg3 Bb4+ 17. Kf2 Bc5 18. Kf1 Bb6 19. Kg1 Qa3 20. Kh2 Rbd8 21. Rhe1 Bc8
22. Qf4 a6 23. Bf1 Ba5 24. Re2 Qe7 25. Bh4 g5 26. Nxg5 hxg5 27. Bxg5 Qe6 28. Bf6
Qf5 29. Qh6 Qh7 30. Qg5+ Qg6 31. Qh4 Qh7 32. Qg5+ Qg6 33. Qh4 Qh7 34. Qg5+ Qg6
1/2-1/2

[Event "OGOLNOPOLSKA OLIMPIADA MLODZIEZY<br/>MISTRZOSTWA POLSKI JUNIOROW 2016 - C12"]
[Site "Olecko"]
[Date "2016-05-07"]
[Round "5.18"]
[White "Wysocki, Mateusz"]
[Black "Kacprzak, Karol"]
[Result "0-1"]
[WhiteTitle "II"]
[BlackTitle "I"]
[WhiteElo "1469"]
[BlackElo "1556"]

1. e4 c5 2. Nf3 d6 3. c3 Nf6 4. h3 Nc6 5. Bd3 e6 6. Bc2 d5 7. e5 Nd7 8. d4 Qb6
9. O-O Be7 10. b3 cxd4 11. cxd4 Nb4 12. Be3 Nxc2 13. Qxc2 h6 14. Nc3 O-O 15. Qd3
Nb8 16. Na4 Qd8 17. Rfc1 Na6 18. a3 Bd7 19. Nb2 Qb6 20. b4 Rac8 21. Qd2 Bb5 22.
Rxc8 Rxc8 23. Rc1 Qd8 24. Rc2 Nb8 25. Qc1 Rxc2 26. Qxc2 Bd7 27. Nd2 a5 28. Nd3
axb4 29. axb4 Qb6 30. Nc5 Qxb4 31. Nxd7 Nxd7 32. Qc8+ Nf8 33. Nf3 b5 34. Qb7 Ng6
35. Qc8+ Bf8 36. Bd2 Qb1+ 37. Kh2 Qb3 38. Qa6 b4 39. Be3 Qc2 40. Nd2 b3 41. Qa4
Nh4 42. Qxb3 Qg6 43. g3 Nf5 44. Nf3 Ne7 45. Qc3 Qb1 46. Nd2 Qb5 47. Nf3 Nc6 48.
Kg2 Na5 49. Nd2 Bb4 50. Qc8+ Kh7 51. Qc2+ g6 52. Kh2 Qe2 53. Qc1 h5 54. Qf1 Qxf1
55. Nxf1 Nb3 56. Kg2 Bc3 57. f4 Nxd4 58. Bxd4 Bxd4 59. Kf3 Kh6 60. h4 Kg7 61.
Nd2 Kf8 62. Nb3 Bb6 63. Nc1 Ke7 64. Nd3 Kd7 65. Nb4 Bc5 66. Nd3 Ba3 67. Nf2 0-1

[Event "OGOLNOPOLSKA OLIMPIADA MLODZIEZY<br/>MISTRZOSTWA POLSKI JUNIOROW 2016 - C12"]
[Site "Olecko"]
[Date "2016-05-07"]
[Round "5.19"]
[White "Chudzik, Jakub"]
[Black "Trybus, Daniel"]
[Result "0-1"]
[WhiteTitle "II+"]
[BlackTitle "II+"]
[WhiteElo "1388"]
[BlackElo "1711"]

1. e4 d5 2. exd5 Qxd5 3. Nc3 Qd6 4. Nf3 Nf6 5. Be2 Nc6 6. d3 Bf5 7. Be3 e6 8. h3
Qd7 9. a3 Bd6 10. Qd2 O-O-O 11. b4 Ne5 12. Rb1 Rhe8 13. a4 Nd5 14. Nxd5 exd5 15.
Nxe5 Bxe5 16. d4 Bf6 17. b5 Re7 18. a5 Rde8 19. b6 a6 20. bxc7 Bh4 21. Rb3 Be4
22. O-O Re6 23. Qb4 Qc6 24. Rc1 Be7 25. Qd2 g5 26. c4 Qa4 27. Qb2 dxc4 28. Rxc4
Qxa5 29. Bd2 Qd5 30. Rc1 Bxg2 31. Bc4 Qe4 32. Bxe6+ fxe6 33. Re1 Qd5 34. Re5 Qc6
35. Rc3 Qa4 36. Kxg2 Bf6 37. Re4 Bxd4 38. Qb3 Qd7 39. Rd3 e5 40. Bc3 Qf5 41. Qd5
Qxf2+ 42. Kh1 Qg1# 0-1

[Event "OGOLNOPOLSKA OLIMPIADA MLODZIEZY<br/>MISTRZOSTWA POLSKI JUNIOROW 2016 - C12"]
[Site "Olecko"]
[Date "2016-05-07"]
[Round "5.20"]
[White "Retz, Adrian"]
[Black "Szatkowski, Pawel"]
[Result "1-0"]
[WhiteTitle "II"]
[BlackTitle "II"]
[WhiteElo "1387"]
[BlackElo "1422"]

1. e4 e6 2. d4 d5 3. e5 c5 4. Qg4 cxd4 5. Bd3 Qb6 6. Nf3 Nc6 7. a3 Nge7 8. O-O
Ng6 9. Re1 Be7 10. h4 Rg8 11. h5 Nf8 12. Nbd2 Bd7 13. b4 O-O-O 14. Nb3 f6 15.
Qf4 fxe5 16. Nxe5 Bd6 17. Nxd7 Rxd7 18. Qg4 Ne5 19. Qxd4 Qxd4 20. Nxd4 Nxd3 21.
cxd3 h6 22. Bb2 Re7 23. Re2 g6 24. Nb5 Bb8 25. Rc1+ Kd7 26. Rec2 gxh5 27. Bf6
Rf7 28. Rc7+ Bxc7 29. Rxc7+ Ke8 30. Nd6# 1-0

[Event "OGOLNOPOLSKA OLIMPIADA MLODZIEZY<br/>MISTRZOSTWA POLSKI JUNIOROW 2016 - C12"]
[Site "Olecko"]
[Date "2016-05-07"]
[Round "5.21"]
[White "Bien, Hubert"]
[Black "Wojtasik, Szymon"]
[Result "1/2-1/2"]
[WhiteTitle "II"]
[BlackTitle "II"]
[WhiteElo "1402"]
[BlackElo "1151"]

1. d4 d5 2. c4 e6 3. Nf3 Nf6 4. Nc3 Nbd7 5. Bg5 Be7 6. e3 h6 7. Bh4 O-O 8. Rc1
c5 9. Be2 b6 10. O-O Bb7 11. Bg3 Ne8 12. Qb3 Ndf6 13. Rfd1 Rc8 14. Ne5 cxd4 15.
Rxd4 Bc5 16. Rdd1 Nd6 17. Bh4 Nde8 18. cxd5 exd5 19. Nxd5 Bxd5 20. Rxd5 Qxd5 21.
Qxd5 Nxd5 22. Nd7 Nd6 23. Nxf8 Kxf8 24. Ba6 Re8 25. a3 Nf5 26. Bg3 Nxg3 27. hxg3
Nxe3 28. Bb5 Re7 29. b4 a6 30. bxc5 axb5 31. fxe3 bxc5 32. Rxc5 Rxe3 33. Rxb5
Rxa3 34. Kh2 Ke7 35. Rb7+ Kf6 36. Rb6+ Kg5 37. Rb5+ f5 38. Rb4 Kg6 39. Kh3 Kg5
40. Rc4 h5 41. Rb4 Re3 42. Rf4 Re4 43. Rf3 Rc4 44. Rd3 Rc1 45. Kh2 Re1 46. Rd7
g6 47. Rd4 Rc1 48. Ra4 Rf1 49. Ra5 Rd1 50. Ra4 Re1 51. Rf4 Rc1 52. Ra4 Rf1 53.
Ra5 Kh6 54. Ra4 Re1 55. Rf4 Kg5 56. Rf2 Rc1 57. Rf4 Rd1 58. Ra4 Rc1 59. Rb4 Rd1
60. Rc4 Re1 61. Rf4 Rd1 62. Ra4 Rf1 63. Ra5 Kg4 64. Ra6 Kg5 65. Ra5 Re1 66. Ra4
Re4 67. Ra5 Kg4 68. Ra6 g5 69. Ra3 f4 70. gxf4 gxf4 71. Ra8 Re5 72. Ra3 Re3 1/2-1/2

[Event "OGOLNOPOLSKA OLIMPIADA MLODZIEZY<br/>MISTRZOSTWA POLSKI JUNIOROW 2016 - C12"]
[Site "Olecko"]
[Date "2016-05-07"]
[Round "5.22"]
[White "Paprocki, Stanislaw"]
[Black "Popadowski, Wojciech"]
[Result "1/2-1/2"]
[WhiteTitle "II"]
[BlackTitle "II"]
[WhiteElo "1612"]
[BlackElo "1393"]

1. e4 c5 2. Nf3 d6 3. d4 cxd4 4. Nxd4 Nf6 5. Nc3 g6 6. Be3 Bg7 7. Be2 O-O 8. O-O
Nc6 9. a3 Bd7 10. f4 Rc8 11. h3 Qb6 12. Qd3 Qd8 13. Rfd1 a6 14. Bf3 b5 15. Rac1
Nxd4 16. Bxd4 Bc6 17. Qe3 Nd7 18. Bxg7 Kxg7 19. Kh1 Kg8 20. Ne2 Nb6 21. b3 Bb7
22. h4 Qc7 23. h5 Qc5 24. Qxc5 Rxc5 25. hxg6 hxg6 26. Kg1 Rfc8 27. Rd2 a5 28.
c3 a4 29. Bg4 f5 30. exf5 gxf5 31. b4 R5c7 32. Bxf5 Rf8 33. Be6+ Rf7 34. Bxf7+
Kxf7 35. Nd4 Bc6 36. f5 Nc4 37. Ra2 Bd7 38. g4 Kf6 39. Kf2 Ne5 40. Rg1 Rxc3 41.
Rg3 Rc4 42. Rd2 Rc1 43. Ra2 Rc4 44. Rd2 Rc1 45. Rc2 Ra1 46. Rcc3 Ra2+ 47. Rc2
Ra1 48. Ne2 Rb1 49. Nf4 Kg5 50. Ne6+ Bxe6 51. fxe6 Rb3 52. Ra2 Kf6 1/2-1/2

[Event "OGOLNOPOLSKA OLIMPIADA MLODZIEZY<br/>MISTRZOSTWA POLSKI JUNIOROW 2016 - C12"]
[Site "Olecko"]
[Date "2016-05-07"]
[Round "5.23"]
[White "Swiech, Lukasz"]
[Black "Skorupka, Arkadiusz"]
[Result "1-0"]
[WhiteTitle "II"]
[BlackTitle "III"]
[WhiteElo "1295"]
[BlackElo "1180"]

1. e4 e6 2. d4 d5 3. Nd2 c5 4. exd5 exd5 5. Ngf3 Nc6 6. Bb5 Nf6 7. O-O a6 8. Bxc6+
bxc6 9. Re1+ Be6 10. Ng5 Qd7 11. Qe2 Ke7 12. dxc5 h6 13. Ngf3 Re8 14. Qxa6 Rd8
15. Ne5 Qc8 16. Qxc6 Nd7 17. Qxc8 Rxc8 18. Nxd7 Kxd7 19. Nb3 Bxc5 20. Nxc5+ Rxc5
21. c3 Rc4 22. Be3 Rb8 23. Re2 Bf5 24. Bd4 f6 25. b4 Bd3 26. Rd2 Be4 27. a4 Rc6
28. b5 Re6 29. Rb2 Rbe8 30. h3 Kc7 31. a5 Ra8 32. a6 Kb8 33. b6 Bd3 34. b7 Raxa6
35. Ba7+ Rxa7 36. Rxa7 Ra6 37. Rxa6 Bxa6 38. Rb6 Bxb7 39. Re6 Bc8 40. Re7 g6 41.
Rf7 f5 42. Rh7 Be6 43. Rxh6 Bf7 44. Rh8+ Kc7 45. Rh7 Kc6 46. Rxf7 Kb5 47. Rf6
Kc4 48. Rxg6 Kxc3 49. Rd6 d4 50. h4 d3 51. h5 Kc2 52. h6 d2 53. Rxd2+ Kxd2 54.
h7 1-0

[Event "OGOLNOPOLSKA OLIMPIADA MLODZIEZY<br/>MISTRZOSTWA POLSKI JUNIOROW 2016 - C12"]
[Site "Olecko"]
[Date "2016-05-07"]
[Round "6.1"]
[White "Oglaza, Oskar"]
[Black "Koziorowicz, Michal"]
[Result "1-0"]
[WhiteTitle "k"]
[BlackTitle "I"]
[WhiteElo "2132"]
[BlackElo "1690"]

1. e4 c5 2. Nf3 Nc6 3. d4 cxd4 4. Nxd4 g6 5. Nc3 Bg7 6. Be3 Nf6 7. Bc4 O-O 8. Bb3
d6 9. f3 Bd7 10. Qd2 Rc8 11. O-O-O Ne5 12. Kb1 a6 13. h4 h5 14. g4 hxg4 15. h5
Nxh5 16. Bh6 Kh7 17. Rxh5 gxh5 18. Rh1 Rh8 19. Rxh5 Qf8 20. Bxg7+ Kxg7 21. Rg5+
Ng6 22. Nf5+ Bxf5 23. exf5 Rc5 24. Qd4+ e5 25. Qg1 Rh6 26. Ne4 Qh8 27. fxg6 f6
28. Nxf6 Rh1 29. Ne8+ Kf8 30. g7+ Qxg7 31. Rf5+ Kxe8 32. Qxh1 e4 33. Rxc5 dxc5
34. Qh5+ Ke7 35. Qxc5+ 1-0

[Event "OGOLNOPOLSKA OLIMPIADA MLODZIEZY<br/>MISTRZOSTWA POLSKI JUNIOROW 2016 - C12"]
[Site "Olecko"]
[Date "2016-05-07"]
[Round "6.2"]
[White "Grzesik, Gracjan"]
[Black "Czopor, Maciej"]
[Result "1-0"]
[WhiteTitle "I"]
[BlackTitle "I+"]
[WhiteElo "1748"]
[BlackElo "1980"]

1. e4 c5 2. Nf3 e6 3. d4 cxd4 4. Nxd4 Nf6 5. Nc3 d6 6. Be2 a6 7. a4 Be7 8. Be3
O-O 9. O-O Qc7 10. Qd2 Nc6 11. f4 Nxd4 12. Bxd4 e5 13. Be3 exf4 14. Bxf4 Be6 15.
Kh1 Nd7 16. Rad1 Ne5 17. Nd5 Bxd5 18. exd5 Bf6 19. Bxe5 Bxe5 20. c4 a5 21. b3
f5 22. Bd3 g6 23. Rde1 Rae8 24. Bc2 Qc5 25. Qg5 Bg7 26. Qd2 b6 27. Re6 Rxe6 28.
dxe6 Re8 29. Qd5 Qxd5 30. cxd5 Rc8 31. Bd3 Be5 32. Bc4 Kf8 33. g3 Ke7 34. Kg2
Rc5 35. g4 f4 36. g5 Kf8 37. Kf3 Rc7 38. h4 Kg7 39. Re1 Kf8 40. Kg4 Ke8 41. Kf3
Kf8 42. Rc1 Kg7 43. Re1 Kf8 44. Rxe5 dxe5 45. d6 Rxc4 46. bxc4 Ke8 47. e7 Kf7
48. Ke4 Ke8 49. Kxe5 1-0

[Event "OGOLNOPOLSKA OLIMPIADA MLODZIEZY<br/>MISTRZOSTWA POLSKI JUNIOROW 2016 - C12"]
[Site "Olecko"]
[Date "2016-05-07"]
[Round "6.3"]
[White "Dzida, Kamil"]
[Black "Sieczkowski, Adam"]
[Result "1/2-1/2"]
[WhiteTitle "I"]
[BlackTitle "II"]
[WhiteElo "1838"]
[BlackElo "1494"]

1. e4 c5 2. Nf3 Nc6 3. d4 cxd4 4. Nxd4 Nf6 5. Nc3 d6 6. Bg5 e6 7. f4 Be7 8. Qd2
Bd7 9. O-O-O a6 10. Be2 Qc7 11. Nf3 Rd8 12. Rhe1 Na5 13. h3 b5 14. e5 b4 15. exf6
bxc3 16. Qxc3 Qxc3 17. bxc3 gxf6 18. Bh4 Rc8 19. Bxa6 Rxc3 20. Rd3 Rxd3 21. cxd3
O-O 22. Re2 Rb8 23. Rb2 Ra8 24. Bb5 Bc8 25. a4 d5 26. Rc2 Bb7 27. Kb2 Bd8 28.
Be1 Kf8 29. Bb4+ Kg7 30. Ka3 Bb6 31. Bc5 Bd8 32. Bb4 Bb6 33. Nd2 e5 34. Nb3 Nxb3
35. Kxb3 exf4 36. Bd6 d4 37. Bxf4 Bd5+ 38. Bc4 Bc6 39. Ra2 Ba5 40. Re2 Bc3 41.
Bb5 Bd5+ 42. Ka3 Ra7 43. Bd2 Bxd2 44. Rxd2 Rc7 45. Kb4 Kg6 46. a5 Rc1 47. a6 Kg5
48. Ka5 Kf4 49. Kb6 Ke3 50. Rb2 Ra1 51. Ka7 Ra5 52. Kb8 Bxg2 53. Rxg2 Rxb5+ 54.
Ka8 Kxd3 55. a7 Ra5 56. Kb7 f5 57. a8=Q Rxa8 58. Kxa8 f4 59. Rg7 1/2-1/2

[Event "OGOLNOPOLSKA OLIMPIADA MLODZIEZY<br/>MISTRZOSTWA POLSKI JUNIOROW 2016 - C12"]
[Site "Olecko"]
[Date "2016-05-07"]
[Round "6.4"]
[White "Babiarz, Arkadiusz"]
[Black "Mechlinski, Jakub"]
[Result "1/2-1/2"]
[WhiteTitle "I"]
[BlackTitle "II+"]
[WhiteElo "1656"]
[BlackElo "1805"]

1. e4 e6 2. d4 d5 3. exd5 exd5 4. Bd3 Bd6 5. Nf3 Nf6 6. O-O O-O 7. Nc3 c6 8. Re1
Bg4 9. h3 Bh5 10. g4 Bg6 11. Ne5 Nbd7 12. Bf4 Bxd3 13. Qxd3 Ne8 14. Qf5 Nxe5 15.
dxe5 Bc5 16. Rad1 Nc7 17. Ne4 Ne6 18. Nxc5 Nxc5 19. c4 Qa5 20. cxd5 cxd5 21. Bg5
Ne6 22. Be7 Rfe8 23. Bd6 Qxa2 24. Re3 Rad8 25. Ra3 Qc4 26. Rxa7 Rd7 27. Rda1 Qb5
28. Ra8 Rdd8 29. R8a5 Qb3 30. R5a3 Qb5 31. Ra4 Rd7 32. Rb4 Qc6 33. Qd3 d4 34.
Qd2 Qe4 35. Qe3 Qd5 36. Qg3 Qe4 37. Qe3 Qd5 38. Qg3 Qe4 1/2-1/2